Statistics for Easy General Knowledge #5

Click here to take the quiz!

General Stats

  • This quiz has been taken 14,365 times
  • The average score is 17 of 20

Answer Stats

Question Answer % Correct
In what city would you find the Eiffel Tower?Paris
100%
What country is Justin Bieber from?Canada
97%
What fairy tale character wore a glass slipper?Cinderella
96%
What is the longest river in Africa?Nile
96%
What 1975 Steven Spielberg movie was about a man-eating shark?Jaws
95%
If you have arachnophobia, what are you afraid of?Spiders
(and other arachnids)
95%
What desert stretches across northern Africa from Egypt to Morocco?Sahara
93%
Unscramble these letters to make the name of an animal: ACEEHHTCheetah
92%
What is the only U.S. state that starts with the letter P?Pennsylvania
91%
Which continent has the lowest population?Antarctica
89%
Which planet in the solar system is furthest from the sun?
(Pluto isn't a planet anymore)
Neptune
87%
If 2 is bi, and 3 is tri, what is 4?Quad
84%
What is the largest city in Illinois?Chicago
81%
Who founded the city of Alexandria, Egypt?Alexander the Great
77%
What country did the Spanish Armada attempt to invade?England
77%
Who traditionally wears something old, something new, something borrowed,
and something blue?
Bride
76%
What is the largest brass instrument in an orchestra?Tuba
75%
What sport did Wayne Gretzky play?Ice Hockey
73%
What was the last name of inventors Orville and Wilbur?Wright
72%
A female sheep is an ewe. What is a male sheep?Ram
65%

Score Distribution

Percentile by Number Answered

Percent of People with Each Score

Your Score History

You have not taken this quiz